000
00308 a2200157 4500
001
160702
020
_a
040
_c
Magnum
100
_a
Arico, Carlos Roberto
240
1
0
_a
Drogas
_l
por
245
1
0
_a
Drogas
362
0
_a
1899
440
1
_a
Ícone
697
_a
CIENCIAS MEDICAS SAUDE
942
_c
BK
999
_c
160702
_d
160702